000 00382cam a22001217a 4500
008 180718b1962 xxu||||| |||| 00| 0 eng d
082 _aG211x73 M381
100 _aMason, Alpheus Thomas
245 _aSupreme Court: palladium of freedom
_cby Alpheus Thomas Mason
260 _aAnn Arbor
_bUniversity of Michigan Press
_c1962
300 _a207p.
650 _aUnited States. Supreme Court
999 _c373331
_d373331